[Event "Chioggia op-B 14th"]
[Site "Chioggia"]
[Date "2019.10.06"]
[Round "5"]
[White "Santangelo, Giuseppe"]
[Black "Fanchin, Matteo"]
[Result "0-1"]
[WhiteElo "1488"]
[BlackElo "1273"]
[PlyCount "70"]
[EventDate "2019.10.04"]
[EventType "swiss"]
[EventRounds "5"]
[EventCountry "ITA"]
[SourceTitle "EXT 2022"]
[Source "ChessBase"]
[SourceDate "2021.10.06"]
[SourceVersion "1"]
[SourceVersionDate "2021.10.06"]
[SourceQuality "1"]

1. e4 c5 2. Nf3 Nc6 3. d4 cxd4 4. Nxd4 e5 5. Nb5 d6 6. N1c3 a6 7. Na3 Be7 8. Nd5 Nf6 9. Nxe7 Qxe7 10. f3 0-0 11. c3 Be6 12. Bd3 h6 13. 0-0 Qd7 14. Qe2 Rfe8 15. Be3 Rad8 16. Bb6 Rc8 17. Bc4 Bxc4 18. Nxc4 Re6 19. Rad1 Ne7 20. Ba5 Qc6 21. Nb6 Qc5+ 22. Kh1 Qxa5 23. Nxc8 Nxc8 24. Qc4 Qd8 25. Rf2 Nb6 26. Qb4 Qc7 27. Rfd2 Nc8 28. h4 Nh5 29. Kh2 Qe7 30. g3 Rg6 31. Rg1 Nxg3 32. Rxg3 Qxh4+ 33. Rh3 Qf4+ 34. Kh1 Qxd2 35. Qxb7 Qg2# 0-1

[Event "Chioggia op-B 14th"]
[Site "Chioggia"]
[Date "2019.10.05"]
[Round "3"]
[White "Santangelo, Giuseppe"]
[Black "Fornaro, Massimo"]
[Result "1-0"]
[WhiteElo "1488"]
[BlackElo "1239"]
[PlyCount "65"]
[EventDate "2019.10.04"]
[EventType "swiss"]
[EventRounds "5"]
[EventCountry "ITA"]
[SourceTitle "EXT 2022"]
[Source "ChessBase"]
[SourceDate "2021.10.06"]
[SourceVersion "1"]
[SourceVersionDate "2021.10.06"]
[SourceQuality "1"]

1. e4 e5 2. Nf3 d6 3. Bc4 h6 4. h3 Nf6 5. d3 c6 6. Bb3 Nbd7 7. c3 Qc7 8. 0-0 Nc5 9. Bc2 Bd7 10. Re1 0-0-0 11. b4 Ne6 12. a4 Kb8 13. Be3 b6 14. a5 b5 15. Na3 c5 16. Qe2 a6 17. Reb1 Rc8 18. c4 Nd4 19. Nxd4 cxd4 20. Bc1 Qb7 21. cxb5 Bxb5 22. Nxb5 axb5 23. a6 Qc6 24. a7+ Ka8 25. Bb3 Kb7 26. Ra5 Ra8 27. Rba1 Qd7 28. g4 g5 29. Qa2 d5 30. Bd2 Be7 31. Ra6 Bd6 32. Bxd5+ Nxd5 33. Qxd5+ 1-0

[Event "Chioggia op-B 13th"]
[Site "Chioggia"]
[Date "2018.09.29"]
[Round "2"]
[White "Santangelo, Giuseppe"]
[Black "Ranzato, Paolo"]
[Result "0-1"]
[WhiteElo "1544"]
[BlackElo "1782"]
[PlyCount "60"]
[EventDate "2018.09.28"]
[EventType "swiss"]
[EventRounds "5"]
[EventCountry "ITA"]
[SourceTitle "EXT 2022"]
[Source "ChessBase"]
[SourceDate "2021.10.06"]
[SourceVersion "1"]
[SourceVersionDate "2021.10.06"]
[SourceQuality "1"]

1. e4 e6 2. d4 d5 3. Nd2 Nf6 4. e5 Nfd7 5. Bd3 c5 6. c3 Nc6 7. Ne2 Qb6 8. Nf3 cxd4 9. cxd4 Bb4+ 10. Bd2 0-0 11. 0-0 f6 12. exf6 Nxf6 13. a3 Bd6 14. Qc2 Qc7 15. Rac1 Bd7 16. b4 a6 17. a4 Rac8 18. b5 axb5 19. axb5 Ne7 20. Qb3 Qb6 21. Ne5 Bxe5 22. dxe5 Rxc1 23. Rxc1 Ng4 24. Rf1 Rxf2 25. Bxh7+ Kh8 26. Be1 Rxe2+ 27. Kh1 Nf2+ 28. Bxf2 Rxf2 29. Bd3 Qe3 30. Qa3 Rxf1+ 0-1